000 00301nam a22001337a 4500
008 210302b ||||| |||| 00| 0 eng d
020 _a9780618301966
041 _aeng
080 _26th
_a94
100 _a16
101 _aSHH
245 _aA History of World Societies
_cMcKay,P.J
942 _2udc
_cBK
999 _c55536
_d55536